00883 2200277 4500001002100000005001500021035002000036007000300056008004100059020002200100040002200122082001200144084001400156100003100170245011400201250003600315300003900351850001200390600003600402264005300438336002100491337003000512338002300542990002000565990002000585INLIS00000000087129320220726025738 a0010-0722000423ta220726s2021 jkio g |aind d a978-623-321-099-7 aYOPDYOGbinderda04223a925 a925 JAT o0 aJatna SupriatnaePengarang10aOtobiografi :bJejak selusur seorang petualang, pendidik, dan wiraswasta perkehidupan alam /cJatna Supriatna aCetakan pertama, September 2021 axx, 448 halaman :bgambar ;c21 cm aYOPDYOG 4aJatna Supriatna--vAutobiografi31aJakarta :bYayasan Pustaka Obor Indonesia,c2021 2rdacontentateks 2rdamediaatanpa perantara 2rdacarrieravolume a44743-PD/B.2022 a44743-PD/B.2022